000 00242 a2200097 4500
001 54758
100 _aSamra Bokhari
245 _aDahle chand dil ke paar
260 _aKarachi
_bKhawateen Digest Karachi
_c2005
090 _c33966
_d33966
942 _aNUST-CAE
_cMONOGRAPH
_c26631
999 _c289831
_d289831